| 000 | 00900nam a2200265 a 4500 | ||
|---|---|---|---|
| 001 | 1220 | ||
| 003 | BR-CuiBMT | ||
| 005 | 20231204233405.0 | ||
| 008 | 231201s2020 mtba 000 0 por d | ||
| 020 | _a9788579921360 (v. 1) | ||
| 020 | _a9788579921377 (v. 2) | ||
| 040 |
_aBR-CuiBMT _cBR-CuiBMT |
||
| 080 |
_a94 _x(817.2) _22007 |
||
| 090 |
_a94(817.2) _bT313c |
||
| 100 | 1 | _aTenuta, José Augusto | |
| 245 | 1 | 0 |
_aCuyabá : _bum show de bola / _cJosé Augusto Tenuta. |
| 246 | 1 | 2 |
_aCuiabá : _bum show de bola |
| 260 |
_aCuiabá : _bEntrelinhas, _c2020. |
||
| 300 |
_a2 v. : _bil. ; _c23 cm |
||
| 505 | 0 | _av. 1. História do futebol cuiabano -- v. 2. História do futebol cuiabano. | |
| 590 | _aA Biblioteca optou por catalogar o material como volume para reunir a coleção. | ||
| 650 |
_aCuiabá (MT) _xFutebol _xHistória |
||
| 650 |
_aFutebol _xHistória _zMato Grosso |
||
| 942 |
_2udc _cLV |
||
| 999 |
_c1220 _d1220 |
||